Statistics for Airport Codes

Click here to take the quiz!

General Stats

  • This quiz has been taken 674 times
  • The average score is 45 of 121

Answer Stats

HintAnswer% Correct
AmsterdamAMS
95%
AthensATH
91%
Los AngelesLAX
89%
MadridMAD
86%
CairoCAI
84%
PekingPEK
84%
JFK New YorkJFK
83%
MelbourneMEL
83%
Las VegasLAS
82%
MiamiMIA
82%
London HeathrowLHR
81%
SydneySYD
81%
BrusselsBRU
80%
Paris Charles de GaulleCDG
80%
LisbonLIS
80%
BangkokBKK
79%
BarcelonaBCN
78%
IstanbulIST
78%
AdelaideADL
77%
PerthPER
75%
AucklandAKL
74%
AmmanAMM
74%
SingaporeSIN
74%
GuangzhouCAN
72%
DohaDOH
71%
DubaiDXB
71%
Hong KongHKG
71%
ViennaVIE
71%
BahrainBAH
70%
PraguePRG
69%
Kuala LumpurKUL
67%
WarsawWAW
67%
CancunCUN
65%
Tokyo NaritaNRT
65%
RomeFCO
63%
MunichMUC
63%
New DelhiDEL
61%
MilanMXP
55%
CebuCEB
52%
VeniceVCE
50%
Abu DhabiAUH
49%
Orlando InternationalMCO
49%
Tokyo InternationalHND
48%
GenevaGVA
47%
HyderabadHYD
43%
BrisbaneBNE
42%
BerlinTXL
41%
ChristchurchCHC
39%
ColomboCMB
39%
Bali DepensarDPS
39%
KuwaitKWI
38%
MuscatMCT
38%
Metro ManilaMNL
37%
ShanghaiPVG
37%
CanberraCBR
36%
BelgradeBEG
34%
DarwinDRW
32%
Kansai InternationalKIX
31%
JakartaCGK
30%
MaldivesMLE
30%
PenangPEN
30%
WellingtonWLG
30%
CairnsCNS
29%
PhuketHKT
28%
ChennaiMAA
27%
KuantanKUA
25%
LaoagLAO
24%
DavaoDVO
22%
MauritiusMRU
21%
BeijingBJS
20%
ZamboangaZAM
20%
GoaGOI
19%
RotoruaROT
19%
Punta CanaPUJ
18%
HobartHBA
17%
MarrakechRAK
17%
SeychellesSEZ
17%
IpohIPH
16%
Gold CoastOOL
16%
DunedinDUD
15%
LangkawiLGK
15%
New PlymouthNPL
15%
QuenstownZQN
14%
NelsonNSN
13%
Sharm El SheikhSSH
13%
KuchingKCH
12%
Kota KinabaluBKI
11%
Johor BahruJHB
11%
Puerto PlataPOP
11%
TaurangaTRG
11%
Chiang MaiCNX
10%
Koh SamuiUSM
10%
BlenheimBHE
9%
Osaka InternationalITM
9%
KrabiKBV
9%
Nakhon Si ThammaratNST
9%
InvercargillIVC
8%
KaliboKLO
8%
TownsvilleTSV
8%
Chiang RaiCEI
7%
General SantosGES
7%
Udon ThaniUTH
7%
Hat YaiHDY
6%
HamiltonHLZ
6%
TawauTWU
6%
AngelesCRK
5%
Khon KaenKKC
5%
MiriMYY
5%
Hawkes BayNPE
5%
Surat ThaniURT
5%
Palmerston NorthPMR
4%
Kuala TerengganuTGG
4%
Hua HinHHQ
3%
PattayaPYX
3%
SubangSZB
3%
TrangTST
3%
Santa BarbaraILO
2%
MalaccaMKZ
2%
MorongSFS
2%
Koh Chang/Koh KoodTDX
2%
Ubon RatchathaniUBP
2%

Score Distribution

Percentile by Number Answered

Percent of People with Each Score

Your Score History

You have not taken this quiz